|
|
|
|
| LEADER |
01872nam a2200505 a 4500 |
| 001 |
nkc20091857347 |
| 003 |
CZ PrNK |
| 005 |
20161214235008.0 |
| 007 |
ta |
| 008 |
090319s2009 xr a e 000 0dcze |
| 015 |
|
|
|a cnb001857347
|
| 020 |
|
|
|a 978-80-86990-69-9
|q (váz.)
|
| 035 |
|
|
|a (OCoLC)320228103
|
| 040 |
|
|
|a ABA001
|b cze
|d OLA001
|
| 041 |
0 |
|
|a cze
|b eng
|b ger
|
| 043 |
|
|
|a e-xr---
|
| 045 |
|
|
|a x5y0
|
| 072 |
|
7 |
|a 75
|x Malířství
|2 Konspekt
|9 21
|
| 080 |
|
|
|a 75(437.3)
|2 MRF
|
| 080 |
|
|
|a 75.036/.038
|2 MRF
|
| 080 |
|
|
|a (437.3)
|2 MRF
|
| 080 |
|
|
|a (084.11)
|2 MRF
|
| 100 |
1 |
|
|a Slavík, Otakar,
|d 1931-2010
|7 jn20000402228
|4 art
|
| 245 |
1 |
0 |
|a Otakar Slavík /
|c [editor, autor úvodní studie ...] Jan Rous ; [texty Eugen Brikcius ... et al.]
|
| 260 |
|
|
|a [Praha] :
|b Gallery,
|c 2009
|
| 300 |
|
|
|a 270 s. :
|b il. (převážně barev.) ;
|c 30 cm
|
| 500 |
|
|
|a Životopisná data, přehled výstav
|
| 504 |
|
|
|a Obsahuje bibliografii
|
| 546 |
|
|
|a Anglické a německé resumé
|
| 600 |
1 |
7 |
|a Slavík, Otakar,
|d 1931-2010
|7 jn20000402228
|2 czenas
|
| 648 |
|
4 |
|a 1953-2008
|
| 650 |
0 |
7 |
|a české malířství
|7 ph116864
|y 20.-21. století
|2 czenas
|
| 650 |
0 |
7 |
|a moderní malířství
|7 ph122940
|z Česko
|2 czenas
|
| 650 |
0 |
9 |
|a Czech painting
|y 20th-21st centuries
|2 eczenas
|
| 650 |
0 |
9 |
|a modern painting
|z Czechia
|2 eczenas
|
| 655 |
|
7 |
|a obrazové publikace
|7 fd132947
|2 czenas
|
| 655 |
|
9 |
|a pictorial works
|2 eczenas
|
| 700 |
1 |
|
|a Rous, Jan,
|d 1943-
|7 jk01102871
|4 edt
|4 wfw
|
| 700 |
1 |
|
|a Brikcius, Eugen,
|d 1942-
|7 jn19990218008
|4 wfw
|
| 856 |
4 |
1 |
|u http://www.digitalniknihovna.cz/mzk/uuid/uuid:09d00e40-b157-11e6-88f6-005056827e52
|y Digitalizovaný dokument
|x NDK
|
| 910 |
2 |
|
|a BOA001
|b 4-1220.494
|
| 990 |
|
|
|a BK
|
| 995 |
|
|
|a 01
|
| 991 |
|
|
|b 200904
|c NOV
|
| 996 |
6 |
|
|b 2610371178
|c 4-1220.494
|l MZK
|r Sklad / do 1 hodiny
|n 1
|p p.v.
|w 000932479
|u 000010
|a 1
|e BOA001
|j MZK50
|s P
|